Essentials in interviewing (Record no. 365305)

000 -LEADER
fixed length control field 00374cam a22001457a 4500
008 - FIXED-LENGTH DATA ELEMENTS--GENERAL INFORMATION
fixed length control field 180718b1962 xxu||||| |||| 00| 0 eng d
082 ## - DEWEY DECIMAL CLASSIFICATION NUMBER
Classification number K335 F359/62
100 ## - MAIN ENTRY--PERSONAL NAME
Personal name Fenalson, Anne F.
245 ## - TITLE STATEMENT
Title Essentials in interviewing
Statement of responsibility, etc. by Anne F. Fenlason
250 ## - EDITION STATEMENT
Edition statement rev. ed.
260 ## - PUBLICATION, DISTRIBUTION, ETC.
Place of publication, distribution, etc. New York
Name of publisher, distributor, etc. Harper
Date of publication, distribution, etc. 1962
300 ## - PHYSICAL DESCRIPTION
Extent 372p.
500 ## - GENERAL NOTE
General note $.5.00
650 ## - SUBJECT ADDED ENTRY--TOPICAL TERM
Topical term or geographic name entry element Interviewing
Holdings
Withdrawn status Lost status Damaged status Not for loan Permanent Location Current Location Date acquired Full call number Barcode Date last seen Price effective from Koha item type
        Indian Institute of Public Administration Indian Institute of Public Administration 1994-04-18 K335 F359/62 30998 2018-07-21 2018-07-21 Book

Powered by Koha